| 000 | 00781 a2200229 4500 | ||
|---|---|---|---|
| 003 | OSt | ||
| 005 | 20230831111508.0 | ||
| 008 | 230218s2016 mx a|||f |||| 001 0 spa d | ||
| 020 | _a9786076226209 | ||
| 040 | _cCHAP | ||
| 082 | 0 | 0 |
_222 _a005.54028 _bF63 |
| 100 | 1 |
_9187827 _aFlores Castillo, José Mauricio |
|
| 245 | 1 | 0 |
_aMacros: _b automatiza tu trabajo, Excel 2016 / _cpor José Mauricio Flores Castillo |
| 264 | 1 |
_aMéxico: _bAlfaomega, _c2016. |
|
| 300 |
_a279 páginas _bIlustraciones, cuadros, tablas |
||
| 490 | 1 | _aComputación. | |
| 504 | _aIncluye índice | ||
| 650 | 4 |
_aMicrosoft Excel (Programa de computadora) _9154176 |
|
| 650 | 4 |
_9187831 _aInstrucciones macro (Computadoras electrónicas) |
|
| 830 | 0 |
_9187732 _aComputación. _pOfimática. |
|
| 942 |
_cLibro _2ddc |
||
| 999 |
_c218386 _d218386 |
||